আজীবন বসন্ত / (Record no. 502)
[ view plain ]
| 000 -LEADER | |
|---|---|
| fixed length control field | 00602nam a22002177a 4500 |
| 001 - CONTROL NUMBER | |
| JCCL Control Number | 502 |
| 003 - CONTROL NUMBER IDENTIFIER | |
| JCCL marc code | BD-JhCC |
| 005 - DATE AND TIME OF LATEST TRANSACTION | |
| control field | 20171012115337.0 |
| 008 - FIXED-LENGTH DATA ELEMENTS--GENERAL INFORMATION | |
| fixed length control field | 171005s2005 bg |||| |||| 000 0 ben d |
| 020 ## - INTERNATIONAL STANDARD BOOK NUMBER | |
| International Standard Book Number | 9844124336 |
| 035 ## - SYSTEM CONTROL NUMBER | |
| system control number | (BD-JhCC)502 |
| 040 ## - CATALOGING SOURCE | |
| Original cataloging agency | BD-JhCC |
| Modifying agency | BD-JhCC |
| 041 ## - LANGUAGE CODE | |
| Language code of Book | eng |
| 082 ## - DEWEY DECIMAL CLASSIFICATION NUMBER | |
| Classification number | 891.4435 |
| Author mark and Year | KAM 2005 |
| 100 ## - MAIN ENTRY--PERSONAL NAME | |
| Personal name | কামাল, নাশিদ |
| 245 ## - TITLE STATEMENT | |
| Title | আজীবন বসন্ত / |
| Statement of responsibility, etc | নাশিদ কামাল |
| 300 ## - PHYSICAL DESCRIPTION | |
| Pagination | ১০৩ পৃ.: |
| Dimensions | ২২ সেমি |
| 650 ## - SUBJECT ADDED ENTRY--TOPICAL TERM | |
| Topical term or geographic name as entry element | Bangali Short Stories |
| 942 ## - ADDED ENTRY ELEMENTS (KOHA) | |
| Source of classification or shelving scheme | Dewey Decimal Classification |
| Koha item type | Books |
| Source of classification or shelving scheme | Damaged status | Not for loan | Home library | Current library | Shelving location | Date of accession | Source of acquisition | Cost, normal purchase price | Total Checkouts | Full call number | Barcode | Date last seen | Copy number | Koha item type |
|---|---|---|---|---|---|---|---|---|---|---|---|---|---|---|
| Dewey Decimal Classification | JCC Rouf Library | JCC Rouf Library | General Stacks | 10/05/2017 | Foundation of Tenth's Efforts | 80.00 | 891.4435 KAM 2005 | 1610 | 10/05/2017 | C-1 | Books |